000 02172cam a22005054i 4500
003 PE-LiUPU
005 20250731175625.0
008 161006s2016 miu rb 001 0 eng d
020 _z0801030722
020 _z9780801030727
035 _a(Sirsi) 959967164
035 _a(OCoLC)959967164
040 _aTEFOD
_beng
_erda
_epn
_cTEFOD
_dOCLCO
_dRECBK
_dPE-LiUPU
041 1 _aeng
_agrc
_hgrc
049 _aPRUA
050 4 _aPA817
_b.M37 2016eb
082 0 4 _a487.4
_bM28
_223
100 1 _aMathewson, David L.,
_eautor.
245 1 0 _aIntermediate Greek grammar :
_bsyntax for students of the New Testament /
_cDavid L. Mathewson and Elodie Ballantine Emig.
264 1 _aGrand Rapids :
_bBaker Academic,
_c2016.
300 _axxiii, 307 páginas ;
_c24 centímetros
336 _atext
_2rdacontent
337 _aunmediated
_2rdamedia
338 _avolume
_2rdacarrier
504 _aIndice : páginas 305-307.
505 0 _aAbbreviations -- Introduction -- The cases -- Pronouns -- Adjectives and adverbs -- The article -- Prepositions -- The Greek verb system -- The verb: voice, person, and number -- Mood -- Infinitives -- Participles -- Clauses, conditional clauses, and relative clauses -- Dependent clauses and conjunctions -- Discourse considerations.
526 _aP145
526 _aP127
526 _aP97
526 _aP35
526 _aP14
526 _aP07
650 0 _aLengua griega, Bíblica
_xGramática.
650 0 _aIdioma griego, Bíblico
_xSintaxis.
650 0 _aGreek language, Biblical
_xGrammar.
650 0 _aGreek language, Biblical
_xSyntax.
700 1 _aEmig, Elodie Ballantine,
_d1956-
_eautor.
910 _adbm
_bncf
_cncf
_d20171218
942 _2ddc
_cBOOK
949 _a487.4 M28
_wDEWEY
_c1
_i77628
_lCATALOGING
_mBUL
_p20.80
_r0
_sY
_tBOOK
_u2017-12-18
_xPOSGRADO
_PP85
_0DONACION
_o.STAFF. Colección Teología.
994 _aC0
_bPEPRU
596 _a1
999 _a487.4 M28
_wDEWEY
_c26221
_i77628
_d26221
_f2021-11-11
_g4
_lCCODEBUL1
_mBUL
_p20.80
_q4
_r0
_sY
_tBOOK
_u2017-12-18
_xTEOLOGIA
_PP85
_0COMPRA
_o.STAFF. Colección Teología.
980 _81
_gALBERTO SANCHEZ Responsable de Automatización